Determination of the excess thermodynamic functions of components of binary salt melts in infinitely diluted solution on the basis of the ideal associated solution model

Podrobná bibliografia
Hlavní autori: Kaptay, George (Autor), Berecz, Endre, 1925-2012 (Autor)
Médium: Článok
Jazyk:slovenčina
angličtina
Fyzický popis:Tb. 2., lit. 20 zázn. v angl.
Predmet:

MARC

LEADER 00000nab a2200000 a 4500
001 vtls000427052
003 SK-MaSNL
005 20260304080235.0
008 250424c1991 xo 0 slo
015 |a SNBRB19rr/mm-uuuuu 
035 |a CL0427180 
035 |a urn:nbn:sk:snk-ab7i8p 
035 |a (urnnbn)urn:nbn:sk:snk:ar-005u1y 
035 |a (uuid)3fb1e7ea-0fa8-4957-acab-ff616bafaf2c 
040 |a SNKBUCL  |b slo  |c SNKBUCL  |e AACR2 
041 0 |a eng 
044 |a xo  |c SK 
080 |a 541.45:541.1  |2 1981 
080 |a 541.1  |2 1981 
080 |a 536.7  |2 1981 
100 1 |a Kaptay, George  |4 aut  |9 779401 
245 1 0 |a Determination of the excess thermodynamic functions of components of binary salt melts in infinitely diluted solution on the basis of the ideal associated solution model  |c G. Kaptay, E. Berecz 
300 |b Tb. 2., lit. 20 zázn. v angl. 
650 0 7 |a taveniny soľné  |2 snkbucl  |9 1367427 
655 7 |a články z novín a časopisov  |2 snkbucl  |9 267496 
700 1 |a Berecz, Endre,  |d 1925-2012  |4 aut  |9 1367428 
773 0 |t Chemical papers. Chemické zvesti  |g Roč. 45, č. 2 (1991), s. 145-158 
850 |a Slovenská národná knižnica 
852 |a Slovenská národná knižnica 
954 |a odborná, vedecká literatúra cudzojazyčná (svetová)  |2 lita 
958 |a article7 
958 |a OND 
958 |a NB 
958 |a RK 
958 |a EUIPO 
992 |a RBX 
999 |c 2785502  |d 2787432